000 01225cam a2200361 i 4500
001 19944
003 CO-MdFUSB
005 20211120103056.0
008 161108t1990 enk||||f |||| 00| 0 eng d
020 _a0-664-25129-3
040 _aCO-MdFUSB
_bEspañol
_cCO-MdFUSB
_dCO-MdFUSB
_erda
041 _aeng
082 _224
_a230.082
_bF329f
100 1 _aLoades, Ann., (Editor)
245 1 0 _aFeminist theology
_b : A reader
_c/ Editado por Ann Loades
264 1 _aLondon :
_bSPCK,
_c[1990]
264 4 _c© 1990
300 _a340 páginas
_c;
336 _2rdacontent
_atexto
_btxt
337 _2rdamedia
_asin mediación
_bn
338 _2rdacarrier
_avolumen
_bnc
501 _aRústico
504 _aIncluye índice (p. 338-340)
505 _aEnsayos sobre la teología feminista - Tradición bíblica e interpretación - La historia y la tradición cristiana - Consecuencias prácticas
650 7 _9681
_aTeología feminista
650 7 _9327
_aMujeres en la Biblia
650 7 _9405
_aSociología cristiana
650 7 _9451
_aFeminismo
_xAspectos religiosos
650 7 _9450
_aBiblia y feminismo
_xAspectos religiosos
653 _aFeminist theology -- Christianity
942 _cREF
945 _aEstudiante
999 _c46301
_d46301